| 000 | 00539nam a2200169Ia 4500 | ||
|---|---|---|---|
| 008 | 090201s9999 xx 000 0 und d | ||
| 010 | _aKPL-31831 | ||
| 040 | _bमराठी | ||
| 041 | _aमराठी | ||
| 082 |
_a34569 _b31831 |
||
| 100 | _aकुमुदिनी रांगणेकर | ||
| 245 |
_aएकाकीनी _cकुमुदिनी रांगणेकर |
||
| 260 |
_c2004 _bपरिमल प्रकाशन |
||
| 300 |
_a176 _bमोठा |
||
| 600 | _aएकाकीनी | ||
| 942 | _cBOOK | ||
| 999 |
_c232745 _d232745 |
||